Деловое общение: учебное пособие

Xehetasun bibliografikoak
Egile nagusia: Мальханова И. А. Инна Анатольевна
Gaia:Изложение принципов делового общения базируется на объединении научной и практической проблематики таких дисциплин, как риторика, логика, психология, социология, философия, этика, менеджмент. Деловое общение понимается автором предельно широко — как любая профессиональная речевая деятельность, поэтому издание рассчитано на широкий круг настоящих и будущих специалистов в сферах управления, педагогики, юриспруденции, политики, дипломатии, журналистики, рекламного дела и паблик рилейшнз. Книга может послужить в качестве учебного пособия по деловому общению — новой учебной дисциплине, ставшей обязательной для подготовки в вузах специалистов многих профилей.
Hizkuntza:errusiera
Argitaratua: Москва, Академический проект, 2008
Edizioa:6-е изд., испр. и доп.
Saila:Gaudeamus
Gaiak:
Formatua: Liburua
KOHA link:https://koha.lib.tpu.ru/cgi-bin/koha/opac-detail.pl?biblionumber=194373

MARC

LEADER 00000nam0a2200000 4500
001 194373
005 20231101224542.0
010 |a 9785829109691 
010 |a 978-5-902357-64-3 
035 |a (RuTPU)RU\TPU\book\211995 
035 |a RU\TPU\book\131258 
090 |a 194373 
100 |a 20110413d2008 m y0rusy50 ca 
101 0 |a rus 
102 |a RU 
105 |a a j 000zy 
200 1 |a Деловое общение  |e учебное пособие  |f И. А. Мальханова 
205 |a 6-е изд., испр. и доп. 
210 |a Москва  |c Академический проект  |c Фонд "Мир"  |d 2008 
215 |a 246 с.  |c ил. 
225 1 |a Gaudeamus 
330 |a Изложение принципов делового общения базируется на объединении научной и практической проблематики таких дисциплин, как риторика, логика, психология, социология, философия, этика, менеджмент. Деловое общение понимается автором предельно широко — как любая профессиональная речевая деятельность, поэтому издание рассчитано на широкий круг настоящих и будущих специалистов в сферах управления, педагогики, юриспруденции, политики, дипломатии, журналистики, рекламного дела и паблик рилейшнз. Книга может послужить в качестве учебного пособия по деловому общению — новой учебной дисциплине, ставшей обязательной для подготовки в вузах специалистов многих профилей. 
451 1 |0 (RuTPU)RU\TPU\book\49411  |y 5-8291-0251-X  |t Деловое общение  |o учебное пособие  |f И. А. Мальханова  |c М.  |n Академический проект  |d 2002  |p 224 с.  |s Gaudeamus  |a Мальханова, Инна Анатольевна 
606 1 |a Деловое общение  |x Психология  |2 stltpush  |3 (RuTPU)RU\TPU\subj\38805  |9 59088 
610 1 |a речь 
610 1 |a ритм 
610 1 |a голос 
610 1 |a публичные выступления 
610 1 |a телефонные разговоры 
610 1 |a контакты 
610 1 |a взаимоотношения 
610 1 |a имидж 
610 1 |a учебные пособия 
686 |a Ю953я73  |v LBC/SL-A  |2 rubbk 
700 1 |a Мальханова  |b И. А.  |g Инна Анатольевна 
801 1 |a RU  |b 63413507  |c 20070911  |g PSBO 
801 2 |a RU  |b 63413507  |c 20140722  |g PSBO 
900 |a Деловое общение 
942 |c BK 
959 |a 81/20101108  |d 5  |e 0  |f Ф_ТПУ_Новокузнецк:1